LEADER 01017cam2 22002771 450 001 SOBE00019881 005 20111122100404.0 100 $a20111122d1823 |||||ita|0103 ba 101 $alat 102 $aIT 200 0 $a5 210 $aAugustae Taurinorum$cex typis viduae Pomba et filiorum$d1823 215 $a503 p.$d25 cm 225 2 $aCollectio latinorum scriptorum cum notis 410 1$1001SOBE00019441$12001 $a*Collectio latinorum scriptorum cum notis 461 1$1001SOBE00019866$12001 $a<>Comoediae quae exstant / ex recensione F.H. Bothe 700 1$aPlautus$b, Titus Maccius$3A600200032000$4070$0166580 801 0$aIT$bUNISOB$c20111122$gRICA 850 $aUNISOB 852 $aUNISOB$j090|Coll|1|K$m2784 912 $aSOBE00019881 940 $aM 103 Monografia antica SBN 941 $aW 957 $a090|Coll|1|K$b000021$i-5$fConsultabile previa autorizzazione$gNO$d2784$1bethb$2UNISOB$3UNISOB$420111122100416.0$520120405100205.0$6bethb 996 $a5$91720300 997 $aUNISOB LEADER 01165nam a2200313 i 4500 001 991000905499707536 005 20020502180848.0 008 950426s1992 it ||| | ita 020 $a8811674905 035 $ab11434880-39ule_inst 035 $aPRUMB51239$9ExL 040 $aScuola per assistenti sociali$bita 082 0 $a612.8 100 1 $aMaturana, Humberto R.$0437796 245 12$aL'albero della conoscenza /$cHumberto Maturana, Francisco Varela ; presentazione di Mauro Ceruti 260 $aMilano :$bGarzanti,$c1992 300 $a213 p. :$bill. ;$c19 cm. 440 4$aGli elefanti. Saggi 500 $aTrad. di: El árbol del conocimiento. 650 4$aBiopsicologia 650 4$aComportamento 700 1 $aVarela, Francisco J.$eauthor$4http://id.loc.gov/vocabulary/relators/aut$035209 700 1 $aCeruti, Mauro 907 $a.b11434880$b02-04-14$c01-07-02 912 $a991000905499707536 945 $aLE024 PS III 2$g1$i2021000154997$lle021$nex DUSS$o-$pE0.00$q-$rl$s- $t0$u6$v0$w6$x0$y.i11619272$z01-07-02 996 $aAlbero della conoscenza$91287689 997 $aUNISALENTO 998 $ale021$b01-01-95$cm$da $e-$fita$git $h2$i1